| 000 | 00407nam a2200145 a 4500 | ||
|---|---|---|---|
| 001 | 3781 | ||
| 003 | CDMR | ||
| 005 | 20130301103111.0 | ||
| 008 | 130130s1982||||||||||||||||||||||||||||d | ||
| 040 |
_aCDMR _bcat _cCDMR |
||
| 245 | 0 | 0 |
_aWorld press encyclopedia _cedited by George Thomas Kurian ; indexed by Marjorie B. Bank, and James Johnson |
| 260 |
_aLondon _c1982 _bMansell |
||
| 300 | _a2 v. | ||
| 942 |
_cMON _2udc |
||
| 999 |
_c3781 _d3781 |
||